Screening rice varieties for resistance to brown planthopper ពីសោធន៍តាមដានរកពូជស្រូវធន់នឹងការបំផ្លាញរបស់សត្វល្អិតមមាចត្នោត (Record no. 456)

000 -LEADER
fixed length control field 00605nam a22001577a 4500
003 - CONTROL NUMBER IDENTIFIER
control field OSt
005 - DATE AND TIME OF LATEST TRANSACTION
control field 20150915090440.0
008 - FIXED-LENGTH DATA ELEMENTS--GENERAL INFORMATION
fixed length control field 150915b xxu||||| |||| 00| 0 eng d
040 ## - CATALOGING SOURCE
Transcribing agency RUA
082 ## - DEWEY DECIMAL CLASSIFICATION NUMBER
Classification number AGR THE 1999 B024 Or.1
100 ## - MAIN ENTRY--PERSONAL NAME
9 (RLIN) 476
Personal name THEN, RATHMUNY.
245 ## - TITLE STATEMENT
Title Screening rice varieties for resistance to brown planthopper ពីសោធន៍តាមដានរកពូជស្រូវធន់នឹងការបំផ្លាញរបស់សត្វល្អិតមមាចត្នោត
260 ## - PUBLICATION, DISTRIBUTION, ETC. (IMPRINT)
Place of publication, distribution, etc. Phnom Penh
Name of publisher, distributor, etc. RUA
Date of publication, distribution, etc. 1999
300 ## - PHYSICAL DESCRIPTION
Extent 70p.
Other physical details ill.
Dimensions 29cm.
942 ## - ADDED ENTRY ELEMENTS (KOHA)
Source of classification or shelving scheme
Koha item type AGR
Holdings
Price effective from Date last seen Permanent Location Not for loan Date acquired Source of classification or shelving scheme Koha item type Barcode Lost status Damaged status Shelving location Withdrawn status Current Location Full call number
2015-09-152015-09-15Library Block B 2015-09-15 AGRrua003292  B024 Library Block BAGR THE 1999 B024 Or.1
មជ្ឈមណ្ឌលឯការនៃសាកលវិទ្យាល័យភូមិន្ទកសិកម្មចំការដូង

Powered by Koha